Panorama: Resource Book 1
Guardado en:
| Hovedforfatter: | |
|---|---|
| Format: | Bog |
| Sprog: | Undetermined |
| Udgivet: |
Hong Kong, China
Macmillan Published
1990
|
| Fag: | |
| Tags: |
Tilføj Tag
Ingen Tags, Vær først til at tagge denne postø!
|
MARC
| LEADER | 00000nam a2200000Ia 4500 | ||
|---|---|---|---|
| 008 | 170316s9999 xx 000 0 und d | ||
| 090 | |a 415-I P-15p v.1 | ||
| 100 | |a Potter, Mike | ||
| 245 | |a Panorama: Resource Book 1 | ||
| 260 | |a Hong Kong, China | ||
| 260 | |b Macmillan Published | ||
| 260 | |c 1990 | ||
| 300 | |a 84 páginas | ||
| 650 | |a GRAMÁTICA INGLESA | ||
| 650 | |a EJERCICIOS | ||
| 999 | |c 19486 |d 19486 | ||
| 040 | |a cru BVZT | ||
| 942 | |c 15 D |h 415-I P-15p v.1 |2 z | ||
